[Event "Las Tunas Guerrero Memorial-C"]
[Site "Las Tunas"]
[Date "2020.02.21"]
[Round "10.3"]
[White "Gomez Segura, Adalberto"]
[Black "Fernandez Aguilera, Ibrain"]
[Result "1/2-1/2"]
[WhiteElo "2177"]
[BlackElo "2114"]
[PlyCount "41"]
[EventDate "2020.02.16"]
[EventType "tourn"]
[EventRounds "10"]
[EventCountry "CUB"]
[SourceTitle "EXT 2023"]
[Source "ChessBase"]
[SourceDate "2022.10.05"]
[SourceVersion "1"]
[SourceVersionDate "2022.10.05"]
[SourceQuality "1"]

1. d4 d5 2. c4 c6 3. Nc3 Nf6 4. cxd5 cxd5 5. Bf4 a6 6. e3 e6 7. Nf3 Bd6 8. Bxd6 Qxd6 9. Bd3 Nc6 10. 0-0 0-0 11. Rc1 b5 12. Qe2 Bb7 13. Rfd1 Rfc8 14. a3 Nd7 15. Na2 Na5 16. Rxc8+ Rxc8 17. Rc1 Rxc1+ 18. Nxc1 Qc7 19. Qd1 Nb6 20. Bc2 Nbc4 21. Nd3 1/2-1/2

[Event "Las Tunas Guerrero Memorial-C"]
[Site "Las Tunas"]
[Date "2020.02.18"]
[Round "5.3"]
[White "Fernandez Aguilera, Ibrain"]
[Black "Gomez Segura, Adalberto"]
[Result "0-1"]
[WhiteElo "2114"]
[BlackElo "2177"]
[PlyCount "132"]
[EventDate "2020.02.16"]
[EventType "tourn"]
[EventRounds "10"]
[EventCountry "CUB"]
[SourceTitle "EXT 2023"]
[Source "ChessBase"]
[SourceDate "2022.10.05"]
[SourceVersion "1"]
[SourceVersionDate "2022.10.05"]
[SourceQuality "1"]

1. d4 d5 2. Bf4 e6 3. Nf3 c5 4. e3 Nc6 5. c3 Bd6 6. Bg3 Nf6 7. Nbd2 Qe7 8. Bd3 h6 9. Ne5 Bd7 10. 0-0 Rg8 11. f4 0-0-0 12. a3 Ne8 13. b4 c4 14. Be2 f5 15. Bh5 Nf6 16. Nf7 Rdf8 17. Nxd6+ Qxd6 18. Be2 Qe7 19. b5 Na5 20. Qa4 b6 21. Qb4 Kd8 22. Bh4 Nb7 23. Nf3 Qxb4 24. axb4 Bxb5 25. Rxa7 Kc7 26. Rfa1 Ne4 27. Be1 Ned6 28. Ne5 Nc8 29. R7a3 g6 30. Bd1 Ncd6 31. Bh4 Re8 32. Bc2 Ref8 33. Be7 Re8 34. Bxd6+ Nxd6 35. Ra7+ Nb7 36. Ba4 Bxa4 37. R1xa4 Re7 38. R4a6 Reg7 39. b5 g5 40. g3 Rh7 41. Nc6 Rgh8 42. Kf2 g4 43. Ne5 h5 44. Kg2 h4 45. Ng6 hxg3 46. Nxh8 Rxh2+ 47. Kxg3 Rxh8 48. Ra8 Rxa8 49. Rxa8 Nd6 50. Ra7+ Kd8 51. Ra6 Kc7 52. Ra7+ Kd8 53. Ra6 Nxb5 54. Rxb6 Nxc3 55. Rxe6 Ne4+ 56. Kg2 c3 57. Rh6 Kc7 58. Rh8 Kb6 59. Rb8+ Ka5 60. Kf1 g3 61. Ke2 c2 62. Ra8+ Kb6 63. Ra1 g2 64. Rc1 Kb5 65. Kf3 Kb4 66. Kxg2 Kc3 0-1

[Event "Tomas Aguilera Angelino Memorial"]
[Site "Ciego de Avila"]
[Date "2018.04.05"]
[Round "1"]
[White "Gomez Segura, Adalberto"]
[Black "Hernandez Garcia, Roberto"]
[Result "1-0"]
[WhiteElo "2193"]
[BlackElo "1650"]
[PlyCount "51"]
[EventDate "2018.04.05"]
[EventType "swiss"]
[EventRounds "9"]
[EventCountry "CUB"]
[SourceTitle "EXT 2021"]
[Source "ChessBase"]
[SourceDate "2020.10.23"]
[SourceVersion "1"]
[SourceVersionDate "2020.10.23"]
[SourceQuality "1"]

1. d4 d5 2. Nf3 c6 3. e3 Nf6 4. Bd3 e6 5. 0-0 Bd6 6. Nbd2 Nbd7 7. e4 dxe4 8. Nxe4 Nxe4 9. Bxe4 Nf6 10. Bd3 Qc7 11. Qe2 c5 12. dxc5 Qxc5 13. Rd1 0-0 14. Bg5 Be7 15. c4 Nd7 16. b4 Qxb4 17. Rab1 Qc5 18. Rb5 Qa3 19. Bxh7+ Kxh7 20. Qc2+ Kg8 21. Rd3 Qa6 22. Bxe7 Re8 23. Bb4 Qc6 24. Ng5 Nf6 25. Rf3 g6 26. Rxf6 1-0

[Event "Camaguey Altuna Memorial tt 1st"]
[Site "Camaguey"]
[Date "2017.12.02"]
[Round "7.2"]
[White "Gomez Segura, Adalberto"]
[Black "Cazulo Ramirez, Jesus David"]
[Result "1/2-1/2"]
[WhiteElo "2229"]
[BlackElo "2205"]
[PlyCount "23"]
[EventDate "2017.11.28"]
[EventType "team-tourn"]
[EventRounds "10"]
[EventCountry "CUB"]
[SourceTitle "EXT 2024"]
[Source "ChessBase"]
[SourceDate "2023.10.10"]
[SourceVersion "1"]
[SourceVersionDate "2023.10.10"]
[SourceQuality "1"]

1. c4 e6 2. g3 Nf6 3. Bg2 Be7 4. Nf3 0-0 5. 0-0 d5 6. d4 dxc4 7. Ne5 Nc6 8. Nxc6 bxc6 9. Bxc6 Rb8 10. Bg2 Bb7 11. Bxb7 Rxb7 12. Nc3 1/2-1/2

[Event "Guillermo Garcia Memorial op 24th"]
[Site "Santa Clara"]
[Date "2015.06.09"]
[Round "7"]
[White "Gomez Segura, Adalberto"]
[Black "Gil Alba, Hector Luis"]
[Result "1/2-1/2"]
[WhiteElo "2303"]
[BlackElo "2298"]
[PlyCount "36"]
[EventDate "2015.06.03"]
[EventType "swiss"]
[EventRounds "9"]
[EventCountry "CUB"]
[SourceTitle "CBM 167 Extra"]
[Source "ChessBase"]
[SourceDate "2015.09.14"]
[SourceVersion "1"]
[SourceVersionDate "2015.09.14"]
[SourceQuality "1"]

1. d4 Nf6 2. c4 e6 3. Nc3 Bb4 4. Bd2 0-0 5. e3 d5 6. Nf3 b6 7. Bd3 Bb7 8. 0-0 Nbd7 9. a3 Bd6 10. h3 c6 11. Qe2 Re8 12. e4 dxe4 13. Nxe4 Nxe4 14. Bxe4 Nf6 15. Bg5 h6 16. Bxf6 Qxf6 17. Rfd1 e5 18. dxe5 Bxe5 1/2-1/2

[Event "Guillermo Garcia Memorial op 24th"]
[Site "Santa Clara"]
[Date "2015.06.03"]
[Round "1"]
[White "Gomez Segura, Adalberto"]
[Black "Ben Artiles, Laura"]
[Result "1-0"]
[WhiteElo "2303"]
[BlackElo "2129"]
[PlyCount "89"]
[EventDate "2015.06.03"]
[EventType "swiss"]
[EventRounds "9"]
[EventCountry "CUB"]
[SourceTitle "CBM 167 Extra"]
[Source "ChessBase"]
[SourceDate "2015.09.14"]
[SourceVersion "1"]
[SourceVersionDate "2015.09.14"]
[SourceQuality "1"]

1. d4 Nf6 2. c4 c5 3. d5 e6 4. Nc3 exd5 5. cxd5 d6 6. e4 g6 7. f3 Bg7 8. Be3 0-0 9. Qd2 Re8 10. Nge2 Nbd7 11. Nc1 a6 12. a4 Rb8 13. Be2 Qc7 14. 0-0 c4 15. Ba7 Ra8 16. Bd4 Rb8 17. b3 cxb3 18. Nxb3 Ne5 19. Rfc1 Qe7 20. Rab1 h6 21. Ba7 Ra8 22. Be3 Kh7 23. Na5 Nh5 24. Rb4 f5 25. Bd4 Bf6 26. Rcb1 Bg5 27. Qc2 Rb8 28. Bxa6 Ra8 29. Rxb7 Bxb7 30. Rxb7 Nd7 31. Bb5 Nhf6 32. Bxf6 Be3+ 33. Kf1 Qxf6 34. Rxd7+ Kh8 35. Nc4 Bc5 36. Qd2 f4 37. Ne2 Qa1+ 38. Qc1 Qxc1+ 39. Nxc1 Red8 40. Rxd8+ Rxd8 41. Nd3 g5 42. Nxc5 dxc5 43. d6 Kg7 44. d7 Kf6 45. Na5 1-0

[Event "Matanzas Batalla de Ideas-A 4th"]
[Site "Matanzas"]
[Date "2007.07.17"]
[Round "3"]
[White "Gomez Segura, Adalberto"]
[Black "Acosta Pedroso, Gerardo"]
[Result "1-0"]
[WhiteElo "2313"]
[BlackElo "2129"]
[PlyCount "52"]
[EventDate "2007.07.15"]
[EventType "tourn"]
[EventRounds "11"]
[EventCountry "CUB"]
[EventCategory "1"]
[SourceTitle "EXT 2019"]
[Source "ChessBase"]
[SourceDate "2018.10.10"]
[SourceVersion "1"]
[SourceVersionDate "2018.10.10"]
[SourceQuality "1"]

1. d4 Nf6 2. c4 e6 3. Nc3 d5 4. Nf3 Be7 5. e3 0-0 6. Bd3 a6 7. a3 b6 8. 0-0 Bb7 9. Qe2 c5 10. Rd1 cxd4 11. Nxd4 Qc7 12. cxd5 Nxd5 13. Nxd5 Bxd5 14. e4 Bb7 15. Be3 Bd6 16. Rac1 Qe7 17. f4 Rd8 18. e5 Bc5 19. Nf3 Bxf3 20. Qxf3 Ra7 21. b4 Bxe3+ 22. Qxe3 Nd7 23. Be4 Rb8 24. Rd6 a5 25. bxa5 Rxa5 26. Rc7 Rd8 1-0

[Event "Matanzas Batalla de Ideas-A 4th"]
[Site "Matanzas"]
[Date "2007.07.16"]
[Round "2"]
[White "Vega Chirino, Lemay"]
[Black "Gomez Segura, Adalberto"]
[Result "0-1"]
[WhiteElo "2294"]
[BlackElo "2313"]
[PlyCount "62"]
[EventDate "2007.07.15"]
[EventType "tourn"]
[EventRounds "11"]
[EventCountry "CUB"]
[EventCategory "1"]
[SourceTitle "EXT 2019"]
[Source "ChessBase"]
[SourceDate "2018.10.10"]
[SourceVersion "1"]
[SourceVersionDate "2018.10.10"]
[SourceQuality "1"]

1. c4 e6 2. Nf3 d5 3. g3 c6 4. b3 Nf6 5. Bg2 Bd6 6. 0-0 0-0 7. Bb2 Nbd7 8. d3 Qe7 9. a3 Rd8 10. Nbd2 e5 11. b4 a5 12. b5 cxb5 13. cxd5 Nxd5 14. Ne4 Bb8 15. Qb3 Nc7 16. Rac1 b4 17. axb4 axb4 18. Rc2 Na6 19. Rfc1 Nb6 20. Nc5 Bd6 21. d4 exd4 22. Bxd4 Nxc5 23. Bxc5 Bxc5 24. Rxc5 Qxc5 25. Rxc5 Ra1+ 26. Bf1 Bh3 27. Qxf7+ Kxf7 28. Ng5+ Kf6 29. Nxh3 Rd5 30. Rc2 b3 31. Rb2 Rb5 0-1

[Event "Ciego de Avila Jimenez Memorial 4th"]
[Site "Ciego de Avila"]
[Date "1998.11.??"]
[Round "9"]
[White "Araque, Rafael"]
[Black "Gomez Segura, Adalberto"]
[Result "1-0"]
[WhiteElo "2325"]
[BlackElo "2360"]
[PlyCount "63"]
[EventDate "1998.11.01"]
[EventType "tourn"]
[EventRounds "11"]
[EventCountry "CUB"]
[SourceTitle "EXT 2024"]
[Source "ChessBase"]
[SourceDate "2023.10.10"]
[SourceVersion "1"]
[SourceVersionDate "2023.10.10"]
[SourceQuality "1"]

1. d4 d5 2. Nf3 Nf6 3. c4 e6 4. g3 b6 5. Bg2 Bb7 6. Qc2 Be7 7. 0-0 0-0 8. Ne5 Nbd7 9. cxd5 Nxe5 10. d6 Bxg2 11. dxe7 Qxe7 12. dxe5 Bxf1 13. exf6 Qxf6 14. Kxf1 c5 15. Nc3 Rfd8 16. a4 Rd7 17. a5 Rad8 18. axb6 axb6 19. Be3 e5 20. Ra6 Qe6 21. Kg2 h5 22. f3 f5 23. Qa4 h4 24. Qxh4 f4 25. gxf4 exf4 26. Qxf4 Re8 27. Bxc5 Rf7 28. Qa4 Qg6+ 29. Kf1 Re5 30. Bf2 Qh5 31. Ra8+ Kh7 32. Qh4 1-0

[Event "Ciego de Avila Jimenez Memorial 4th"]
[Site "Ciego de Avila"]
[Date "1998.11.??"]
[Round "2"]
[White "Gomez Segura, Adalberto"]
[Black "Morales, John"]
[Result "1-0"]
[WhiteElo "2360"]
[BlackElo "2315"]
[PlyCount "79"]
[EventDate "1998.11.01"]
[EventType "tourn"]
[EventRounds "11"]
[EventCountry "CUB"]
[SourceTitle "EXT 2024"]
[Source "ChessBase"]
[SourceDate "2023.10.10"]
[SourceVersion "1"]
[SourceVersionDate "2023.10.10"]
[SourceQuality "1"]

1. d4 Nf6 2. c4 e6 3. Nc3 Bb4 4. Qc2 0-0 5. a3 Bxc3+ 6. Qxc3 Ne4 7. Qc2 f5 8. Nf3 b6 9. g3 Bb7 10. Bg2 Qe8 11. Be3 d6 12. Ng5 d5 13. cxd5 Nxg5 14. Bxg5 Bxd5 15. Bxd5 exd5 16. Rc1 Rf7 17. Bf4 Nd7 18. Bxc7 Rc8 19. Qd2 Re7 20. Rc2 Qh5 21. Bd6 Rxc2 22. Qxc2 Re6 23. Bf4 Nf6 24. f3 Qh3 25. e3 Kf7 26. Rf1 h5 27. Rf2 h4 28. gxh4 g6 29. Bg5 f4 30. Qc7+ Kg8 31. Bxf4 Qxh4 32. Kf1 Qh3+ 33. Kg1 Qf5 34. Qc2 Qh5 35. b4 Kf7 36. b5 Nh7 37. Kh1 Ng5 38. Be5 Re7 39. Qc6 Ne6 40. Qxd5 1-0

[Event "CUB-ch sf"]
[Site "Matanzas"]
[Date "1998.??.??"]
[Round "?"]
[White "Castellanos Sanchez, Carlos Manuel"]
[Black "Gomez Segura, Adalberto"]
[Result "0-1"]
[WhiteElo "2350"]
[BlackElo "2360"]
[PlyCount "56"]
[EventDate "1998.??.??"]
[EventType "swiss"]
[EventRounds "9"]
[EventCountry "CUB"]
[SourceTitle "EXT 2003"]
[Source "ChessBase"]
[SourceDate "2002.11.25"]
[SourceVersion "1"]
[SourceVersionDate "2002.11.25"]
[SourceQuality "1"]

1. e4 e6 2. d4 d5 3. Nc3 Nf6 4. Bg5 dxe4 5. Nxe4 Be7 6. Bxf6 Bxf6 7. Nf3 0-0 8. Bd3 Bxd4 9. c3 Bb6 10. Qc2 f5 11. Neg5 h6 12. h4 Qf6 13. 0-0-0 Nc6 14. g4 e5 15. Bc4+ Kh8 16. b4 e4 17. b5 fxg4 18. bxc6 gxf3 19. Nf7+ Rxf7 20. Bxf7 bxc6 21. Bc4 Bf5 22. Qd2 Bc5 23. Kb2 Rb8+ 24. Bb3 a5 25. Ka1 a4 26. Bxa4 Bxf2 27. Rb1 Rxb1+ 28. Rxb1 e3 0-1

[Event "Union de Reyes"]
[Site "Cuba"]
[Date "1997.??.??"]
[Round "?"]
[White "Barroso Law, Wildried"]
[Black "Gomez Segura, Adalberto"]
[Result "1/2-1/2"]
[WhiteElo "2200"]
[BlackElo "2355"]
[PlyCount "80"]
[EventDate "1997.??.??"]
[EventType "tourn"]
[EventRounds "11"]
[EventCountry "CUB"]
[SourceTitle "EXT 1999"]
[Source "ChessBase"]
[SourceDate "1998.11.16"]
[SourceVersion "1"]
[SourceVersionDate "1998.11.16"]
[SourceQuality "1"]

1. e4 Nc6 2. d4 d5 3. e5 e6 4. Nf3 Qd7 5. c4 Bb4+ 6. Nc3 Nge7 7. Be3 b6 8. Bd3 dxc4 9. Bxc4 Bb7 10. 0-0 0-0-0 11. Qe2 Bxc3 12. bxc3 h6 13. Rfd1 Kb8 14. Ba6 Nd5 15. Bxb7 Kxb7 16. Rac1 f5 17. exf6 gxf6 18. c4 Nde7 19. Rd2 Nf5 20. Rcd1 Qf7 21. d5 exd5 22. cxd5 Nce7 23. Qc4 Rhe8 24. a4 Nxe3 25. fxe3 Nf5 26. a5 Rd6 27. axb6 Nxe3 28. Qa4 cxb6 29. Re1 Re7 30. Qf4 Nxg2 31. Rxe7+ Qxe7 32. Kxg2 Qd8 33. Qe4 a5 34. Nd4 Qg8+ 35. Kf3 Qxd5 36. Qxd5+ Rxd5 37. Ke4 Re5+ 38. Kd3 b5 39. Rf2 Rh5 40. Rxf6 Rxh2 1/2-1/2

[Event "Union de Reyes"]
[Site "Cuba"]
[Date "1997.??.??"]
[Round "?"]
[White "De la Paz Perdomo, Frank"]
[Black "Gomez Segura, Adalberto"]
[Result "0-1"]
[WhiteElo "2395"]
[BlackElo "2355"]
[PlyCount "60"]
[EventDate "1997.??.??"]
[EventType "tourn"]
[EventRounds "11"]
[EventCountry "CUB"]
[SourceTitle "EXT 1999"]
[Source "ChessBase"]
[SourceDate "1998.11.16"]
[SourceVersion "1"]
[SourceVersionDate "1998.11.16"]
[SourceQuality "1"]

1. e4 e6 2. d4 d5 3. Nd2 b6 4. c3 dxe4 5. Nxe4 Bb7 6. Bd3 Nf6 7. Bg5 Be7 8. Bxf6 gxf6 9. Nf3 c6 10. Qe2 Qc7 11. 0-0-0 Nd7 12. Kb1 0-0-0 13. Ba6 Bxa6 14. Qxa6+ Kb8 15. Rhe1 Rhg8 16. g3 b5 17. Ned2 Ka8 18. Nb3 Rb8 19. Nfd2 Rb6 20. Qa5 Rg5 21. Ne4 Rd5 22. Nbc5 f5 23. Nd2 Nxc5 24. dxc5 Bxc5 25. f4 Qd7 26. Kc2 Rb8 27. Nf3 Rd8 28. Rb1 Bb6 29. Qa3 Rd3 30. Rf1 Rxf3 0-1

[Event "Union de Reyes"]
[Site "Cuba"]
[Date "1997.??.??"]
[Round "?"]
[White "Gomez Segura, Adalberto"]
[Black "Abreu Delgado, Aryam"]
[Result "0-1"]
[WhiteElo "2355"]
[BlackElo "2320"]
[PlyCount "94"]
[EventDate "1997.??.??"]
[EventType "tourn"]
[EventRounds "11"]
[EventCountry "CUB"]
[SourceTitle "EXT 1999"]
[Source "ChessBase"]
[SourceDate "1998.11.16"]
[SourceVersion "1"]
[SourceVersionDate "1998.11.16"]
[SourceQuality "1"]

1. d4 d5 2. c4 c6 3. cxd5 cxd5 4. Nc3 Nf6 5. Bf4 Nc6 6. e3 Bf5 7. Qb3 Na5 8. Bb5+ Bd7 9. Qa4 e6 10. Nf3 Nc4 11. 0-0 a6 12. Bxd7+ Qxd7 13. Qxd7+ Nxd7 14. e4 dxe4 15. Nxe4 Nf6 16. Nxf6+ gxf6 17. Rac1 Nb6 18. Rfd1 Nd5 19. Be3 Kd7 20. Nd2 f5 21. Nb1 Bb4 22. a3 Bd6 23. Bd2 Rhc8 24. Kf1 Rxc1 25. Rxc1 Rg8 26. h3 h5 27. Nc3 Nxc3 28. Bxc3 Rc8 29. Ke2 b5 30. Ra1 Kc6 31. Bb4 Kd5 32. Bxd6 Kxd6 33. Kd3 Kd5 34. b3 a5 35. g3 Rc7 36. Re1 f6 37. Ra1 Rc6 38. f3 b4 39. axb4 axb4 40. Ra5+ Kd6 41. Rc5 Rxc5 42. dxc5+ Kxc5 43. h4 Kd5 44. g4 fxg4 45. fxg4 Ke5 46. gxh5 f5 47. Ke3 Kf6 0-1

[Event "Ciego de Avila"]
[Site "Ciego de Avila"]
[Date "1997.??.??"]
[Round "10"]
[White "Gomez Segura, Adalberto"]
[Black "Araque, Rafael"]
[Result "1/2-1/2"]
[WhiteElo "2365"]
[BlackElo "2265"]
[PlyCount "99"]
[EventDate "1997.09.??"]
[EventType "tourn"]
[EventRounds "13"]
[EventCountry "CUB"]
[EventCategory "3"]
[SourceTitle "CBM 060 Extra"]
[Source "ChessBase"]
[SourceDate "1997.11.04"]
[SourceVersion "1"]
[SourceVersionDate "1997.11.04"]
[SourceQuality "1"]

1. d4 g6 2. c4 Bg7 3. Nc3 d6 4. e4 Nc6 5. Nge2 e5 6. Be3 f5 7. exf5 gxf5 8. dxe5 dxe5 9. Qxd8+ Nxd8 10. f4 Ne6 11. 0-0-0 e4 12. Nd4 Nxd4 13. Bxd4 Bxd4 14. Rxd4 Bd7 15. Be2 Nf6 16. Rhd1 0-0-0 17. Nd5 Nxd5 18. Rxd5 Rhg8 19. g3 Rg7 20. c5 Rf8 21. Re5 Rf6 22. Bh5 b6 23. b4 Rh6 24. Be2 Kb7 25. Rd2 Rf6 26. Kb2 a6 27. Bc4 h5 28. cxb6 Kxb6 29. Kb3 h4 30. gxh4 Rh6 31. Red5 e3 32. R2d4 Be6 33. Re5 Bxc4+ 34. Rxc4 Rxh4 35. Rxe3 Rxh2 36. Rc5 Rf7 37. Re6+ Kb7 38. Ree5 Rf2 39. Rc4 Rf3+ 40. Ka4 Rf2 41. a3 Rf3 42. b5 Rf6 43. Rec5 axb5+ 44. Rxb5+ Rb6 45. Rcb4 Kc8 46. Rxb6 cxb6 47. Rd4 Kb7 48. Rc4 Ka6 49. Kb4 Rf1 50. Rd4 1/2-1/2

[Event "Ciego de Avila"]
[Site "Ciego de Avila"]
[Date "1997.??.??"]
[Round "6"]
[White "Gomez Segura, Adalberto"]
[Black "Castellanos Sanchez, Carlos Manuel"]
[Result "0-1"]
[WhiteElo "2365"]
[BlackElo "2310"]
[PlyCount "62"]
[EventDate "1997.09.??"]
[EventType "tourn"]
[EventRounds "13"]
[EventCountry "CUB"]
[EventCategory "3"]
[SourceTitle "CBM 060 Extra"]
[Source "ChessBase"]
[SourceDate "1997.11.04"]
[SourceVersion "1"]
[SourceVersionDate "1997.11.04"]
[SourceQuality "1"]

1. d4 Nf6 2. c4 g6 3. Nc3 d5 4. cxd5 Nxd5 5. e4 Nxc3 6. bxc3 Bg7 7. Bc4 0-0 8. Ne2 c5 9. 0-0 Nc6 10. Be3 Bg4 11. f3 cxd4 12. cxd4 Na5 13. Bd3 Bd7 14. Rc1 e6 15. Qd2 b6 16. Bh6 Rc8 17. Bxg7 Kxg7 18. Qb4 Rxc1 19. Rxc1 Bc6 20. Bb5 Bb7 21. g3 a6 22. Bd3 Nc6 23. Qc3 Qf6 24. Kf2 Rc8 25. Qb2 b5 26. h4 Rd8 27. Ke3 Kg8 28. Rc5 Nxd4 29. Nxd4 e5 30. Nb3 Rxd3+ 31. Kxd3 Qxf3+ 0-1

[Event "Union de Reyes"]
[Site "Cuba"]
[Date "1997.??.??"]
[Round "?"]
[White "Perez Garcia, Rodney Oscar"]
[Black "Gomez Segura, Adalberto"]
[Result "1/2-1/2"]
[WhiteElo "2385"]
[BlackElo "2355"]
[PlyCount "68"]
[EventDate "1997.??.??"]
[EventType "tourn"]
[EventRounds "11"]
[EventCountry "CUB"]
[SourceTitle "EXT 1999"]
[Source "ChessBase"]
[SourceDate "1998.11.16"]
[SourceVersion "1"]
[SourceVersionDate "1998.11.16"]
[SourceQuality "1"]

1. e4 Nc6 2. d4 d5 3. exd5 Qxd5 4. Nf3 e5 5. Nc3 Bb4 6. Bd2 Bxc3 7. Bxc3 e4 8. Ne5 Nxe5 9. dxe5 Ne7 10. Qe2 Bf5 11. Rd1 Qc6 12. Qb5 0-0 13. Qxc6 Nxc6 14. Bb5 Nb8 15. Kd2 c6 16. Be2 Nd7 17. g4 Bg6 18. h4 h6 19. h5 Bh7 20. f4 exf3 21. Bxf3 Rfe8 22. Rhe1 Rad8 23. Kc1 Nf8 24. Rxd8 Rxd8 25. Rd1 Rxd1+ 26. Bxd1 Ne6 27. Kd2 Kf8 28. Ke3 Ke7 29. Be1 c5 30. c4 b6 31. Bf3 Nd4 32. Bh4+ Kd7 33. Bd5 Ne6 34. a3 a5 1/2-1/2

[Event "Manresa op"]
[Site "Manresa"]
[Date "1996.??.??"]
[Round "1"]
[White "Felipo Pages, Danilo"]
[Black "Gomez Segura, Adalberto"]
[Result "1/2-1/2"]
[WhiteElo "1920"]
[BlackElo "2300"]
[PlyCount "21"]
[EventDate "1996.??.??"]
[EventType "swiss"]
[EventRounds "9"]
[EventCountry "ESP"]
[SourceTitle "EXT 1998"]
[Source "ChessBase"]
[SourceDate "1997.11.17"]
[SourceVersion "1"]
[SourceVersionDate "1997.11.17"]
[SourceQuality "1"]

1. c4 c5 2. Nc3 Nc6 3. Nf3 g6 4. g3 Bg7 5. Bg2 e5 6. d3 Nge7 7. 0-0 d6 8. e4 0-0 9. Be3 h6 10. Qd2 Kh7 11. a3 1/2-1/2

[Event "CUB-ch"]
[Site "Matanzas"]
[Date "1994.??.??"]
[Round "9"]
[White "Garcia Carey, Osmel"]
[Black "Gomez Segura, Adalberto"]
[Result "1-0"]
[WhiteElo "2365"]
[BlackElo "2315"]
[PlyCount "95"]
[EventDate "1994.??.??"]
[EventType "swiss"]
[EventRounds "13"]
[EventCountry "CUB"]
[SourceTitle "EXT 2003"]
[Source "ChessBase"]
[SourceDate "2002.11.25"]
[SourceVersion "1"]
[SourceVersionDate "2002.11.25"]
[SourceQuality "1"]

1. e4 e6 2. d4 d5 3. e5 c5 4. c3 Nc6 5. Nf3 Nh6 6. Bd3 cxd4 7. cxd4 Nf5 8. Bxf5 exf5 9. Nc3 Be6 10. 0-0 Be7 11. a3 g5 12. b4 Rc8 13. Bb2 h5 14. Nb5 g4 15. Ne1 f4 16. Nd3 f3 17. Re1 fxg2 18. Nd6+ Bxd6 19. exd6 Qxd6 20. Qd2 Ne7 21. Nc5 b6 22. Rac1 Rh7 23. Qg5 bxc5 24. dxc5 Qd7 25. Bf6 Kf8 26. c6 Qe8 27. b5 Ng8 28. Bd4 f6 29. Bxf6 Qf7 30. Bd4 Qf5 31. Qe3 Kf7 32. Bxa7 Ne7 33. b6 Rxc6 34. b7 Rh8 35. Rxc6 Nxc6 36. Qc3 Nxa7 37. Qxh8 Nc6 38. b8Q Nxb8 39. Qxb8 d4 40. Qa7+ Kg6 41. Qxd4 Bd5 42. Qe5 Qxe5 43. Rxe5 Bf3 44. a4 h4 45. a5 Kf6 46. Re3 Bb7 47. Rb3 Bd5 48. Rb4 1-0

[Event "Ibercaja op"]
[Site "Zaragoza"]
[Date "1993.??.??"]
[Round "?"]
[White "Gomez Segura, Adalberto"]
[Black "Braga, Fernando Alberto"]
[Result "1/2-1/2"]
[WhiteElo "2315"]
[BlackElo "2435"]
[PlyCount "53"]
[EventDate "1993.04.??"]
[EventType "swiss"]
[EventRounds "9"]
[EventCountry "ESP"]
[SourceTitle "EXT 1998"]
[Source "ChessBase"]
[SourceDate "1997.11.17"]
[SourceVersion "1"]
[SourceVersionDate "1997.11.17"]
[SourceQuality "1"]

1. d4 Nf6 2. Nf3 d5 3. c4 e6 4. Nc3 Bb4 5. Bg5 Nbd7 6. cxd5 exd5 7. e3 c5 8. Bd3 Qa5 9. Qc2 c4 10. Bf5 0-0 11. 0-0 Re8 12. Bh4 g6 13. Bh3 Bxc3 14. bxc3 Ne4 15. Rfc1 b5 16. a4 bxa4 17. Rxa4 Qc7 18. Ra3 a5 19. Nd2 Nxd2 20. Qxd2 Bb7 21. Rca1 Bc6 22. Bg3 Qb7 23. Bg4 h5 24. Bd1 Ra6 25. f3 Rea8 26. Bc2 Nf8 27. Qd1 1/2-1/2